书目信息 |
| 题名: |
如何成为风景园林师
|
|
| 作者: | 凯琳福斯特 著 ;赵智聪 , 南楠,董荔冰 , 赵智聪 译 | |
| 分册: | ||
| 出版信息: | 北京 中国建筑工业出版社 2014.01 |
|
| 页数: | 350页 | |
| 开本: | 23cm | |
| 丛书名: | ||
| 单 册: | ||
| 中图分类: | TU986.2 | |
| 科图分类: | ||
| 主题词: | 园林设计--yuan lin she ji | |
| 电子资源: | ||
| ISBN: | 978-7-112-15176-9 | |
| 000 | 01436nam0 2200325 450 | |
| 001 | 0100122471 | |
| 005 | 20220915143626.94 | |
| 010 | @a978-7-112-15176-9@dCNY59.00 | |
| 100 | @a20140104d2014 em y0chiy50 ea | |
| 101 | 1 | @achi@ceng |
| 102 | @aCN@b110000 | |
| 105 | @aa a 000yy | |
| 200 | 1 | @a如何成为风景园林师@Aru he cheng wei feng jing yuan lin shi@f凯琳·福斯特著@Fkai lin fu si te zhu@g赵智聪, 南楠, 董荔冰译@Gzhao zhi cong , nan nan , dong li bing yi |
| 210 | @a北京@c中国建筑工业出版社@d2014.01 | |
| 215 | @a350页@c图@d23cm | |
| 306 | @a由美国John Wiley & Sons, Inc.出版公司授权 | |
| 312 | @a英文题名取自封面 | |
| 320 | @a有书目 (第337-340页) | |
| 330 | @a本书共分为五个部分。通过多家著名设计公司的15个获奖的设计项目、实用的美国和其他国家的风景园林相关机构信息资料、对50余名著名风景园林设计师及美国各学校风景园林专业的本科生及研究生的采访以及250余幅图片, 全面系统地介绍了风景园林行业和风景园林师职业, 以及当代风景园林设计特点、趋势和思想变化, 展示了风景园林师的广阔前景。 | |
| 500 | 10 | @aBecoming a landscape architect@mChinese |
| 540 | @a如何成为风景园林师 | |
| 606 | 0 | @a园林设计@Ayuan lin she ji |
| 690 | @aTU986.2@v5 | |
| 701 | 0 | @a凯琳福斯特@Akai lin fu si te@4著 |
| 702 | 0 | @a赵智聪@Azhao zhi cong@4译 |
| 702 | 0 | @a南楠,董荔冰@Anan nan , dong li bing@4译 |
| 702 | 0 | @a赵智聪@Azhao zhi cong@4译 |
| 801 | @aCN@b河南城建学院图书馆 | |
| 901 | @a1418 | |
| 905 | @b1102999-3001@dTU986.2@eK170@f3 | |
| 如何成为风景园林师/凯琳·福斯特著/赵智聪, 南楠, 董荔冰译.-北京:中国建筑工业出版社,2014.01 |
| 350页:图;23cm |
| ISBN 978-7-112-15176-9:CNY59.00 |
| 本书共分为五个部分。通过多家著名设计公司的15个获奖的设计项目、实用的美国和其他国家的风景园林相关机构信息资料、对50余名著名风景园林设计师及美国各学校风景园林专业的本科生及研究生的采访以及250余幅图片, 全面系统地介绍了风景园林行业和风景园林师职业, 以及当代风景园林设计特点、趋势和思想变化, 展示了风景园林师的广阔前景。 |
| ● |
| 相关链接 |
|
|
|
正题名:如何成为风景园林师
索取号:TU986.2/K170
 
预约/预借
| 序号 | 登录号 | 条形码 | 馆藏地/架位号 | 状态 | 备注 |
| 1 | 1102999 | 211029992 | 建筑库201/201建筑库 66排6列3层/ [索取号:TU986.2/K170] | 在馆 | |
| 2 | 1103000 | 211030007 | 建筑库201/201建筑库 98排1列5层/ [索取号:TU986.2/K170] | 在馆 | |
| 3 | 1103001 | 211030016 | 建筑库201/201建筑库 98排1列5层/ [索取号:TU986.2/K170] | 在馆 | |
| 4 | 1503729 | 215037298 | 建筑与城市规划学院资料室/ [索取号:TU986.2/K170] | 在馆 | |
| 5 | 1503797 | 215037975 | 建筑与城市规划学院资料室/ [索取号:TU986.2/K170] | 在馆 | |
| 6 | 1503798 | 215037984 | 建筑与城市规划学院资料室/ [索取号:TU986.2/K170] | 在馆 |